Brand elevation (Record no. 4573)

MARC details
000 -CABECERA
campo de control de longitud fija 03349cam a2200265 i 4500
001 - NÚMERO DE CONTROL
campo de control 21732832
005 - FECHA Y HORA DE LA ÚLTIMA TRANSACCIÓN
campo de control 20250325105917.0
008 - DATOS DE LONGITUD FIJA--INFORMACIÓN GENERAL
campo de control de longitud fija 200930s2021 enka b 001 0 eng
010 ## - NÚMERO DE CONTROL DE LA BIBLIOTECA DEL CONGRESO
Número de control de LC 2020043309
020 ## - NÚMERO INTERNACIONAL ESTÁNDAR DEL LIBRO
Número Internacional Estándar del Libro 9781789664669
Información calificativa (paperback)
040 ## - FUENTE DE LA CATALOGACIÓN
Centro catalogador/agencia de origen DLC
Lengua de catalogación eng
Centro/agencia transcriptor DLC
Normas de descripción rda
Centro/agencia modificador DLC
042 ## - CÓDIGO DE AUTENTICACIÓN
Código de autenticación pcc
050 00 - SIGNATURA TOPOGRÁFICA DE LA BIBLIOTECA DEL CONGRESO
Número de clasificación HF5415.1255
Número de documento/Ítem .S39 2021
100 ## - ENTRADA PRINCIPAL--NOMBRE DE PERSONA
Nombre de persona Schaefer, Wolfgang,
Término indicativo de función/relación author.
9 (RLIN) 25015
245 10 - MENCIÓN DE TÍTULO
Título Brand elevation
Resto del título : lessons in ueber-branding
Mención de responsabilidad, etc. / Wolfgang Schaefer and JP Kuehlwein.
264 #1 - PRODUCCIÓN, PUBLICACIÓN, DISTRIBUCIÓN, FABRICACIÓN Y COPYRIGHT
Producción, publicación, distribución, fabricación y copyright London, United Kingdom ;
-- New York, NY :
Nombre del de productor, editor, distribuidor, fabricante Kogan Page,
Fecha de producción, publicación, distribución, fabricación o copyright 2021.
300 ## - DESCRIPCIÓN FÍSICA
Extensión xiv, 287 pages ;
Otras características físicas illustrations :
Dimensiones 25 cm
504 ## - NOTA DE BIBLIOGRAFÍA, ETC.
Nota de bibliografía, etc. Includes bibliographical references and index.
505 ## - NOTA DE CONTENIDO CON FORMATO
Nota de contenido con formato Mission incomparable: Having a distinct, brand-guiding Mission — <br/>Longing vs belonging: Balancing exclusivity and inclusion — <br/>Un-selling: Mastering the art of seduction — <br/>From Myth to meaning: Giving the brand soul — <br/>Behold the product!: Making your product manifest the Myth — <br/>Living the dream: Letting the brand radiate from the inside out — <br/>Growth without end: Balancing scaling and brand building — <br/><br/>HOW TO — SIX STEPS TO ELEVATE YOUR BRAND —<br/>Set Your Mission —<br/>Write Your Myth —<br/>Realize Your Dream —<br/>Live Your Dream —<br/>Find Your Ueber-Target —<br/>Ignite All Targets —<br/>Summing up — The Ueber-Branding Model<br/><br/>LESSONS — UEBER-BRANDING IN ACTION —<br/>TerraCycle — From Mission to Myth to movement, or — How to ‘eliminate the idea of waste’<br/>Acqua di Parma — The power of a mythical core, or — How to build your business and your equity simultaneously<br/>Burt’s Bees — Growing an Ueber-Brand ground up, or — How purpose and profit can live in harmony<br/>Starbucks — The renaissance plan, or — How to leap ahead by going back to quality and service<br/>Airbnb — The importance of culture, or — How Airbnb found, launched and lives its purpose<br/>Lakrids — Growth without end, or — How to scale a dream<br/>YouTube — Platform or brand of the future, or — How to be one when you are many<br/><br/>EPILOGUE —<br/>Crises — Times of Ueber-Opportunities<br/>References and further reading —<br/>Index
520 ## - SUMARIO, ETC.
Sumario, etc. How can a brand become one of those peerless 'Ueber-Brands' we all admire and are willing to pay a premium for? Is there a proven process? Where should we start?<br/><br/>Brand Elevation explains the main drivers behind brands becoming peerless and priceless and how to harness these principles to develop a winning brand strategy. Written for marketers and brand managers of all levels of experience, and for both those working in start-ups and established players, it proposes a six-step, easy-to-follow program to elevate your brand.<br/><br/>Brand Elevation explores challenges such as creating a distinct and brand-guiding mission, mediating between exclusivity and inclusion and mastering the art of seduction. Featuring case studies and expert accounts from organizations including Airbnb, Acqua di Parma, Burt's Bees, Lakrids, Starbucks, TerraCycle, and YouTube, Wolfgang Schaefer and JP Kuehlwein skilfully explain how any brand - regardless of sector and industry - can become a modern prestige brand.
Fuente proveedora Provided by publisher.
650 #0 - PUNTO DE ACCESO ADICIONAL DE MATERIA--TÉRMINO DE MATERIA
Término de materia o nombre geográfico como elemento de entrada Branding (Marketing)
9 (RLIN) 6284
650 #0 - PUNTO DE ACCESO ADICIONAL DE MATERIA--TÉRMINO DE MATERIA
Término de materia o nombre geográfico como elemento de entrada Brand name products
9 (RLIN) 2371
700 ## - ENTRADA AGREGADA--NOMBRE PERSONAL
Nombre de persona Kuehlwein, J. P.,
Término indicativo de función/relación author.
9 (RLIN) 25016
942 ## - ELEMENTOS DE ENTRADA AGREGADA (KOHA)
Fuente del sistema de clasificación o colocación Clasificación de Library of Congress
Holdings
Estado de retiro Estado de pérdida Fuente del sistema de clasificación o colocación Estado dañado No para préstamo Biblioteca de origen Biblioteca actual Fecha de adquisición Total de préstamos Signatura topográfica completa Código de barras Fecha visto por última vez Fecha del último préstamo Número de copia Precio válido a partir de Tipo de ítem Koha
    Clasificación de Library of Congress     TBS Barcelona TBS Barcelona 25/03/2025 1 HF5415.1255 SCH B05913 28/10/2025 28/10/2025 1 25/03/2025 Book

Powered by Koha